[Event "St Petersburg March op"]
[Site "St Petersburg"]
[Date "2008.03.27"]
[Round "6"]
[White "Kondratiev, Denis"]
[Black "Zubritskiy, Artyom"]
[Result "0-1"]
[WhiteElo "2046"]
[BlackElo "2334"]
[PlyCount "96"]
[EventDate "2008.03.22"]
[EventType "swiss"]
[EventRounds "9"]
[EventCountry "RUS"]
[SourceTitle "EXT 2010"]
[Source "ChessBase"]
[SourceDate "2010.11.25"]
[SourceVersion "1"]
[SourceVersionDate "2010.11.25"]
[SourceQuality "1"]

1. e4 c5 2. Nf3 d6 3. d4 cxd4 4. Nxd4 Nf6 5. Nc3 Nc6 6. Be2 e6 7. 0-0 Be7 8. f4 0-0 9. Nxc6 bxc6 10. e5 dxe5 11. fxe5 Nd7 12. Bf4 Qa5 13. Kh1 Nxe5 14. a3 Ng6 15. Be3 Qc7 16. b4 Bd6 17. Bg1 Be5 18. Qe1 Nf4 19. Bf3 Ba6 20. Rf2 Nd5 21. Nxd5 cxd5 22. Rd1 Rfe8 23. Qe3 Bc3 24. h3 Rac8 25. Bh2 Qb6 26. Qxb6 axb6 27. Be2 Bc4 28. Bxc4 Rxc4 29. Rb1 Rec8 30. Re2 Bd4 31. a4 Bc3 32. Bg1 Rxb4 33. Rxb4 Bxb4 34. Bxb6 Ra8 35. c3 Bxc3 36. Ra2 d4 37. Kg1 e5 38. Kf2 f5 39. a5 Ra6 40. Ke2 e4 41. Ra4 Kf7 42. Rc4 d3+ 43. Ke3 Bxa5 44. Rc7+ Ke6 45. Bxa5 Rxa5 46. Rxg7 f4+ 47. Kd2 Ra2+ 48. Kc1 e3 0-1

[Event "St Petersburg March op"]
[Site "St Petersburg"]
[Date "2008.03.22"]
[Round "1"]
[White "Yudin, Maksim"]
[Black "Kondratiev, Denis"]
[Result "1/2-1/2"]
[WhiteElo "2066"]
[BlackElo "2046"]
[PlyCount "91"]
[EventDate "2008.03.22"]
[EventType "swiss"]
[EventRounds "9"]
[EventCountry "RUS"]
[SourceTitle "EXT 2010"]
[Source "ChessBase"]
[SourceDate "2010.11.25"]
[SourceVersion "1"]
[SourceVersionDate "2010.11.25"]
[SourceQuality "1"]

1. e4 Nf6 2. e5 Nd5 3. c4 Nb6 4. d4 d6 5. exd6 cxd6 6. Nf3 g6 7. Nc3 Bg7 8. Be3 0-0 9. Rc1 Nc6 10. h3 Bf5 11. Be2 d5 12. c5 Nc4 13. b3 Nxe3 14. fxe3 e5 15. 0-0 e4 16. Nh2 Qg5 17. Nxd5 Rad8 18. Nf4 Nxd4 19. Qe1 Be5 20. Bg4 h5 21. Bxf5 Nxf5 22. Rf2 Nxe3 23. Qxe3 Bd4 24. Qxe4 Bxf2+ 25. Kxf2 Rfe8 26. Qc4 Rd2+ 27. Kg1 Qg3 28. Nf3 Rxa2 29. h4 Re3 30. Rf1 Ra6 31. Ng5 Rf6 32. Nxf7 Rxf7 33. Qxf7+ Kxf7 34. Nxh5+ Ke6 35. Nxg3 Rxg3 36. Rf3 Rg4 37. g3 Kd5 38. Kg2 Kxc5 39. Kh3 Rb4 40. g4 Kd5 41. h5 gxh5 42. gxh5 Rb6 43. Kh4 Ke4 44. Rf7 Rxb3 45. h6 Rb1 46. h7 1/2-1/2

[Event "St Petersburg Autumn op"]
[Site "St Petersburg"]
[Date "2006.11.04"]
[Round "5"]
[White "Kondratiev, Denis"]
[Black "Svidinsky, Dmitry"]
[Result "0-1"]
[WhiteElo "2069"]
[BlackElo "2016"]
[PlyCount "78"]
[EventDate "2006.10.31"]
[EventType "swiss"]
[EventRounds "9"]
[EventCountry "RUS"]
[SourceTitle "EXT 2007"]
[Source "ChessBase"]
[SourceDate "2006.11.23"]
[SourceVersion "1"]
[SourceVersionDate "2006.11.23"]
[SourceQuality "1"]

1. e4 c5 2. Nf3 d6 3. Nc3 Nf6 4. d4 cxd4 5. Nxd4 e6 6. Be2 a6 7. 0-0 Be7 8. f4 0-0 9. Be3 Qc7 10. g4 b5 11. g5 Nfd7 12. f5 b4 13. fxe6 bxc3 14. exd7 Nxd7 15. Nf5 Ne5 16. bxc3 Be6 17. Qd4 Qd8 18. h4 g6 19. Nh6+ Kh8 20. Bf4 Qc7 21. h5 Rfd8 22. Bg4 Bf8 23. Bxe6 Bxh6 24. Bd5 Bg7 25. Qd1 Rac8 26. h6 Bf8 27. c4 Nxc4 28. Bxf7 Qxf7 29. Qd4+ Kg8 30. Bd2 Qe6 31. Rf6 Qe5 32. Bc3 Qxd4+ 33. Bxd4 Ne5 34. Bxe5 dxe5 35. Rxa6 Rxc2 36. Re6 Rdd2 37. Rxe5 Bc5+ 38. Kf1 Rf2+ 39. Ke1 Bb4+ 0-1

[Event "St Petersburg Autumn op"]
[Site "St Petersburg"]
[Date "2006.11.02"]
[Round "3"]
[White "Kondratiev, Denis"]
[Black "Urjubdshzirov, Erdni"]
[Result "0-1"]
[WhiteElo "2069"]
[BlackElo "2197"]
[PlyCount "78"]
[EventDate "2006.10.31"]
[EventType "swiss"]
[EventRounds "9"]
[EventCountry "RUS"]
[SourceTitle "EXT 2007"]
[Source "ChessBase"]
[SourceDate "2006.11.23"]
[SourceVersion "1"]
[SourceVersionDate "2006.11.23"]
[SourceQuality "1"]

1. e4 c5 2. Nf3 e6 3. d4 cxd4 4. Nxd4 Nc6 5. Nc3 Qc7 6. Ndb5 Qb8 7. Be2 a6 8. Nd4 Nf6 9. g4 Bb4 10. Nxc6 bxc6 11. Qd3 d5 12. exd5 cxd5 13. g5 Ne4 14. 0-0 Bd6 15. f4 Bb7 16. Nxe4 dxe4 17. Qh3 Bc5+ 18. Be3 Qa7 19. Kf2 0-0 20. b4 Bb6 21. c4 Bc6 22. a4 Qb8 23. c5 Bc7 24. b5 Bd5 25. Qg3 f5 26. b6 Bd8 27. Bd4 Be7 28. Rfc1 Rc8 29. h4 Qb7 30. h5 e5 31. Be3 Rc6 32. h6 g6 33. fxe5 f4 34. Bxf4 Bxc5+ 35. Be3 Bxb6 36. Rd1 Rc2 37. Rac1 Rf8+ 38. Ke1 Ba5+ 39. Bd2 Bxd2+ 0-1